Dolorès (Record no. 164312)

MARC details
000 -LEADER
campo de control de longitud fija 00626nam a2200169 i 4500
001 - NÚMERO DE CONTROL
campo de control 164312
003 - IDENTIFICADOR DE NÚMERO DE CONTROL
campo de control ES-MaACL
005 - FECHA Y HORA DE LA ÚLTIMA TRANSACCIÓN
campo de control 20251003063143.0
008 - DATOS DE LONGITUD FIJA--INFORMACIÓN GENERAL
campo de control de longitud fija 050729s1864 fr | |||||||| ||fre d
040 ## - FUENTE DE CATALOGACIÓN
Centro catalogador/agencia de origen CAM
Lengua de catalogación spa
Centro/agencia transcriptor CAM
100 1# - ENTRADA PRINCIPAL--NOMBRE DE PERSONA
Nombre de persona Tardieu, Jules,
Fechas asociadas al nombre 1805-1868
9 (RLIN) 132285
245 10 - MENCIÓN DEL TÍTULO
Título Dolorès
Resto del título : légende /
Mención de responsabilidad, etc. par J.T. de Saint-Germain [seudónimo de J. Tardieu].
260 ## - PUBLICACIÓN, DISTRIBUCIÓN, ETC.
Lugar de publicación, distribución, etc. Paris :
Nombre del editor, distribuidor, etc. Jules Tardieu, éditeur,
Fecha de publicación, distribución, etc. 1864 (
Fabricante Imp. Simon Raçon et C.)
300 ## - DESCRIPCIÓN FÍSICA
Extensión 212 p. ;
Dimensiones 16 cm.
852 ## - LOCALIZACIÓN
Ubicación ES-MaACL
Número de control de estantería T-221-F-2
Nota libre -- Enc. hol., falto de la cub. original
-- -- Enc. en un vol. facticio
Holdings
Estatus retirado Estado de pérdida Estado de daño No para préstamo Colección Biblioteca de origen Biblioteca actual Ubicación en estantería Fecha de adquisición Total de préstamos Signatura topográfica completa Código de barras Visto por última vez Precio de reemplazo Tipo de ítem Koha
        Colección de folletos Biblioteca del Ateneo de Madrid Biblioteca del Ateneo de Madrid Depósito folletos 17/01/2008   T-221-F-2 1172226 23/02/2023 23/02/2023 Folleto